000 00921nam a2200277 i 4500
001 000046100
003 DO-SdBNP
005 20251121085108.0
007 ta
008 150619s1973 dr 000 0 spa d
040 _aDO-SdBNP
_bspa
_cBNPHU
_erda
041 _aspa
082 4 _a370.97293
_bB171t 1973
_222
100 1 _a Balaguer, Joaquín,
_d1906-2002
_eautor
_4aut.
_976556
245 1 0 _aTemas educativos y actividades diplomáticas /
_cJoaquín Balaguer.
250 _aPrimera edición
264 1 _aSanto Domingo, República Dominicana :
_bFuentes Impresos, S.A.,
_c1973.
300 _a326 páginas ;
_c22 cm.
336 _atexto
_btxt
_2rdacontent
337 _asin mediación
_bn
_2rdamedia
338 _avolumen
_bnc
_2rdacarrier
590 _aInventariado, 2022/MFF
650 4 _aEducación
_zRepública Dominicana
_9737
651 4 _aRepública Dominicana
_xRelaciones exteriores
_92258
942 _2ddc
_cLBS1
999 _c45589
_d45589